Normal view
MARC view
- Technology
Entry Topical Term
001 - CONTROL NUMBER
- control field: 45840
003 - CONTROL NUMBER IDENTIFIER
- control field: OSt
005 - DATE AND TIME OF LATEST TRANSACTION
- control field: 20220901100637.0
008 - FIXED-LENGTH DATA ELEMENTS
- fixed length control field: 220901|| aca||aabn | a|a d
040 ## - CATALOGING SOURCE
- Original cataloging agency: OSt
- Transcribing agency: OSt
150 ## - HEADING--TOPICAL TERM
- Topical term or geographic name entry element: Technology
- General subdivision: Social aspects
670 ## - SOURCE DATA FOUND
- Source citation: Work cat.: (OSt): Stewart, Franklin 45836, Understanding media, culture and technology /, ©2022.
